| 000 | 00364nam a22001217a 4500 | ||
|---|---|---|---|
| 082 |
_a307.760981 _bVAL _cD |
||
| 245 |
_aUrban research in Brazil and Venezuela _btowards an agenda for the 1990s _cLicia Valladares |
||
| 260 |
_a1990 _bWorld Bank |
||
| 300 | _aVarious paging | ||
| 526 |
_a0 _b0 _c0 _d307_760981000000000_VAL |
||
| 650 |
_aNUST _96342 |
||
| 942 |
_2ddc _cBK |
||
| 999 |
_c542462 _d542462 |
||